|
|
|
|
| LEADER |
00000cam a2200000 7i4500 |
| 001 |
0000036074 |
| 005 |
20130603.0 |
| 008 |
130603 |
| 020 |
|
|
|a 9831954126
|
| 090 |
0 |
0 |
|a 899.2309
|b MOH
|
| 100 |
0 |
|
|a Mohd Rosli Saludin
|
| 245 |
1 |
0 |
|a Teromba :
|b hubungan dengan pendidikan kesusasteraan
|c Mohd Rosli Saludin
|
| 260 |
|
|
|a Shah Alam :
|b Karisma Publications Sdn. Bhd ,
|c 2009
|
| 650 |
|
0 |
|a Malay poetry
|x History & criticism
|
| 999 |
|
|
|a 0001166353
|b Book
|c Adult Collection
|e Cawangan Bukit Gambir
|
| 999 |
|
|
|a 0001166354
|b Book
|c Adult Collection
|e Cawangan Bandar Tenggara
|
| 999 |
|
|
|a 0001166355
|b Book
|c Adult Collection
|e Cawangan Kota Tinggi
|
| 999 |
|
|
|a 0001166356
|b Book
|c Adult Collection
|e Perbadanan Perpustakaan Awam Johor
|
| 999 |
|
|
|a 0001166357
|b Book
|c Adult Collection
|e Cawangan Muar
|
| 999 |
|
|
|a 0001166358
|b Book
|c Adult Collection
|e Cawangan Tangkak
|
| 999 |
|
|
|a 0001166359
|b Book
|c Adult Collection
|e Cawangan Mersing
|
| 999 |
|
|
|a 0001166360
|b Book
|c Adult Collection
|e Cawangan Bandar Penawar
|
| 999 |
|
|
|a 0001166361
|b Book
|c Adult Collection
|e Cawangan Segamat
|
| 999 |
|
|
|a 0001166364
|b Book
|c Adult Collection
|e Cawangan Pontian
|